Solar energy utilisation/ (Record no. 11685)
[ view plain ]
| 000 -LEADER | |
|---|---|
| fixed length control field | 00931nac a22001931u 4500 |
| 008 - FIXED-LENGTH DATA ELEMENTS--GENERAL INFORMATION | |
| fixed length control field | 090528t xxu||||| |||| 00| 0 eng d |
| 020 ## - INTERNATIONAL STANDARD BOOK NUMBER | |
| International Standard Book Number | 817409184x |
| 082 ## - DEWEY DECIMAL CLASSIFICATION NUMBER | |
| Classification number | 621.471 |
| Item number | RAI |
| 100 ## - MAIN ENTRY--PERSONAL NAME | |
| Personal name | Rai, G. D. |
| 9 (RLIN) | 5596 |
| 245 ## - TITLE STATEMENT | |
| Title | Solar energy utilisation/ |
| Statement of responsibility, etc | G. D. Rai |
| Remainder of title | [A Textbook for engineering students]/ |
| 250 ## - EDITION STATEMENT | |
| Edition statement | 5th ed. |
| Remainder of edition statement | 8th reprint |
| 260 ## - PUBLICATION, DISTRIBUTION, ETC. (IMPRINT) | |
| Place of publication, distribution, etc | New Delhi: |
| Name of publisher, distributor, etc | Khanna publishers, |
| Date of publication, distribution, etc | 2008 |
| 300 ## - PHYSICAL DESCRIPTION | |
| Extent | 644p.: |
| Other physical details | ill.; |
| Dimensions | 22 cm. |
| 500 ## - GENERAL NOTE | |
| General note | Includes index. |
| 650 ## - SUBJECT ADDED ENTRY--TOPICAL TERM | |
| Topical term or geographic name as entry element | Solar energy |
| 9 (RLIN) | 5597 |
| 942 ## - ADDED ENTRY ELEMENTS (KOHA) | |
| Item type | Book - Borrowing |
| Call number prefix | 621.471RAI |
| Source of classification or shelving scheme | Dewey Decimal Classification |
| Withdrawn status | Item status | Source of classification or shelving scheme | Damaged status | Not for loan | Vendor | Home library | Current library | Shelving location | Date acquired | Source of acquisition | Cost, normal purchase price | Serial Enumeration / chronology | Total Checkouts | Total Renewals | Full call number | Barcode | Date last seen | Date last borrowed | Koha item type | Checked out |
|---|---|---|---|---|---|---|---|---|---|---|---|---|---|---|---|---|---|---|---|---|
| Dewey Decimal Classification | Alahram | Central Library | Central Library | First floor | 28/05/2009 | Purchase | 59.50 | 360 | 15 | 51 | 621.471 RAI | 000016412 | 15/07/2025 | 08/06/2016 | Book - Borrowing | |||||
| Dewey Decimal Classification | Alahram | Central Library | Central Library | First floor | 28/05/2009 | 59.50 | 360 | 7 | 8 | 621.471 RAI | 000016413 | 05/12/2012 | 05/12/2012 | Book - Borrowing | 30/06/2014 |